<?xml version="1.0" encoding="UTF-8"?>
<marc:record xmlns:marc="http://www.loc.gov/MARC21/slim">
   <marc:leader>00000nam a2200000 a 4500</marc:leader>
   <marc:datafield ind1="1" ind2=" " tag="100">
      <marc:subfield code="a">Diefenbacher, Hans</marc:subfield>
      <marc:subfield code="4">aut</marc:subfield>
      <marc:subfield code="e">Verfasser/-in</marc:subfield>
   </marc:datafield>
   <marc:datafield ind1="1" ind2=" " tag="100">
      <marc:subfield code="a">Ratsch, Ulrich</marc:subfield>
      <marc:subfield code="4">aut</marc:subfield>
      <marc:subfield code="e">Verfasser/-in</marc:subfield>
   </marc:datafield>
   <marc:datafield ind1=" " ind2=" " tag="653">
      <marc:subfield code="a">Ökologie</marc:subfield>
   </marc:datafield>
   <marc:datafield ind1=" " ind2=" " tag="653">
      <marc:subfield code="a">Ressourcen</marc:subfield>
   </marc:datafield>
   <marc:datafield ind1=" " ind2=" " tag="653">
      <marc:subfield code="a">Information</marc:subfield>
   </marc:datafield>
   <marc:datafield ind1=" " ind2=" " tag="653">
      <marc:subfield code="a">Politik</marc:subfield>
   </marc:datafield>
   <marc:datafield ind1=" " ind2=" " tag="653">
      <marc:subfield code="a">Wissenschaft</marc:subfield>
   </marc:datafield>
   <marc:datafield ind1="0" ind2="0" tag="245">
      <marc:subfield code="a">Verelendung durch Naturzerstörung</marc:subfield>
   </marc:datafield>
   <marc:datafield ind1="0" ind2="0" tag="245">
      <marc:subfield code="b">von den politischen Grenzen der Wissenschaft</marc:subfield>
   </marc:datafield>
   <marc:datafield ind1=" " ind2="1" tag="264">
      <marc:subfield code="a">Frankfurt/M.</marc:subfield>
      <marc:subfield code="b">S. Fischer</marc:subfield>
      <marc:subfield code="c">1992</marc:subfield>
   </marc:datafield>
   <marc:datafield ind1="1" ind2=" " tag="520">
      <marc:subfield code="a">PZ 1/92*22 Bisher fehlt es nicht an Globalanalysen und Stretegieempfehlungen und Konzepten mittlerer Reichweite, die geeignet wären, Verelendung und Naturzerstörung abzuschwächen bzw. aufzuhalten. In Detaillanalysen geht es darum, auf welcher Datenbasis Aussagen getroffen werden und Prognosen über langfristige Entwicklungen zustande kommen. Auch die Rolle der Wissenschaftler im politischen Prozeß der Entscheidungsfindung steht zur Diskussion. Kritisert werden "Umweltmanager", die ihr Augenmerk ausschließlich aufintelligentere und effizientere Nutzung der verfügbaren Ressourcen richten, anstatt auf eine "intelligente Reduzierung der Bedürfnisse". Es ist laut Diefenbacher/Ratsch nicht sinnvoll, auf die Wissenschaft zu verzichten, sie kann Wahrscheinlichkeitsaussagen treffen und Handlungsperspektiven eröffnen. Voraussetzung durchgreifenden Erfolgs ist ein interdisziplinärer Ansatz. An den Beispielen Entwaldung, Ressourcenverbrauch und Verschuldung wird gezeigt, was im einzelnen zu leisten wäre. Eine der dringensten Aufgaben der Forschung sehen die Autoren in der öffentlichen Aufklärung und Bewußtseinsbildung, um Einsichten zu verbreiten und dadurch Druck auf Regierungen auszulösen.</marc:subfield>
   </marc:datafield>
   <marc:datafield ind1="0" ind2=" " tag="490">
      <marc:subfield code="v">0</marc:subfield>
   </marc:datafield>
   <marc:datafield ind1=" " ind2=" " tag="300">
      <marc:subfield code="a">267 S.</marc:subfield>
   </marc:datafield>
</marc:record>
